Emojis Küchengeräte - Statistiken

Allgemein
  • Dieses Quiz wurde 96 mal gespielt
  • Das Durchschnittsergebnis liegt bei 12 aus 24
Antwortstatistiken
Hint Antwort % Korrekt
🔪🍞 Brotmesser
89%
🔪 Messer
89%
🍴 Besteck
86%
🥄 Löffel
85%
🥚⏱️ Eieruhr
80%
🍳 Pfanne
80%
🍽️🚿 Spülmaschine / Geschirrspüler
73%
🍳🔥 Herd / Kochfeld
64%
🍽️ Teller
64%
🍋💪 Zitronenpresse
60%
🍞📤 Toaster
50%
🥶📦 Gefrierschrank / Tiefkühler / Kühltruhe
49%
🍷 🍸 🥂 🥃 🫗 Glas
49%
🍚 Schüssel
45%
🥝🍓🍌🌀 Mixer / Smoothiemaker
43%
🔪🍎 Obstmesser / Küchenmesser
43%
🥢 Essstäbchen
42%
🔁🥗 Salatschleuder
35%
☕️➡️🧃 Kaffeemaschine
32%
🍇🔄🍷 Saftpresse / Entsafter
29%
🍕♨️ Backofen
25%
💦🥵 Wasserkocher
21%
🍲♨️ Kochtopf
10%
🔥🥢 Wok
5%
Keine übereinstimmenden Quizze gefunden
Verteilung der Resultate
Anzahl Personen mit jedem Resultat
Perzentil nach korrekt beantworteten Fragen
Ihre Resultats-Entwicklung
Sie haben dieses Quiz noch nicht gespielt